[Event "Ch-DEN"]
[Site "corr"]
[Date "2000.??.??"]
[Round "?"]
[White "Simmelsgaard, Jes"]
[Black "Christiansen, Tonny"]
[Result "1/2-1/2"]
[WhiteElo "2122"]
[BlackElo "2326"]
[PlyCount "62"]
[EventDate "2000.??.??"]
[Source "DSU"]
[SourceDate "2003.03.13"]

1. e4 e5 2. Nf3 Nc6 3. d4 exd4 4. Nxd4 Qh4 5. Nb5 Bc5 6. Qe2 Nd4 7. Nxd4 Bxd4
8. Nd2 Qe7 9. c3 Bc5 10. Nb3 Bb6 11. e5 f6 12. Bf4 fxe5 13. Bxe5 Nf6 14. Bxf6
gxf6 15. a4 a5 16. O-O-O Qxe2 17. Bxe2 d6 18. Nd4 O-O 19. Bc4+ Kh8 20. Rde1 Bc5
21. f3 f5 22. Nb3 Bb6 23. Re7 c6 24. f4 d5 25. Bd3 Bd8 26. Re2 Bc7 27. g3 Bd6
28. Rhe1 Bd7 29. Nd4 b6 30. Nf3 Bc5 31. Ng5 Rf6 1/2-1/2

[Event "Ch-DEN"]
[Site "corr"]
[Date "2000.??.??"]
[Round "?"]
[White "Simmelsgaard, Jes"]
[Black "Kramer, Svend Erik"]
[Result "0-1"]
[WhiteElo "2122"]
[BlackElo "2466"]
[PlyCount "97"]
[EventDate "2000.??.??"]
[Source "DSU"]
[SourceDate "2003.03.13"]

1. e4 c5 2. Nf3 Nc6 3. Nc3 d6 4. d4 cxd4 5. Nxd4 Nf6 6. Bg5 e6 7. Qd2 a6 8.
O-O-O h6 9. Bf4 Bd7 10. Nxc6 Bxc6 11. f3 d5 12. Be5 dxe4 13. Qf4 Qa5 14. Bxf6
gxf6 15. Nxe4 Qxa2 16. Qxf6 Qa1+ 17. Kd2 Qa5+ 18. Kc1 Rg8 19. Kb1 Bd5 20. c4
Bxe4+ 21. fxe4 Bg7 22. Qf4 Rd8 23. Rxd8+ Qxd8 24. Be2 Qb6 25. Qd2 Bd4 26. g3
Ke7 27. Rf1 Rd8 28. Rd1 a5 29. Qc1 a4 30. Qc2 Ra8 31. Qd2 e5 32. c5 Qc6 33. Qd3
Ra5 34. Rc1 Rxc5 35. Rxc5 Bxc5 36. Qc4 b5 37. Qc2 Qb6 38. Qc1 b4 39. Bh5 Qb5
40. Be2 Qb6 41. Bh5 Bd6 42. Qxh6 Qg1+ 43. Qc1 Qxh2 44. Qg5+ Kd7 45. Qf5+ Kc6
46. Qc8+ Kb6 47. Qd8+ Bc7 48. Qd1 b3 49. Bxf7 {Hvid overskred tiden 0-1} (49.
Bxf7 Qxg3 50. Bd5 Qe3 $17) 0-1

[Event "Ch-DEN"]
[Site "corr"]
[Date "2000.??.??"]
[Round "?"]
[White "Simmelsgaard, Jes"]
[Black "Madsen, Flemming"]
[Result "1/2-1/2"]
[WhiteElo "2122"]
[BlackElo "2028"]
[PlyCount "146"]
[EventDate "2000.??.??"]
[Source "DSU"]
[SourceDate "2003.03.13"]

1. e4 e5 2. Nf3 Nc6 3. Bb5 a6 4. Ba4 Nf6 5. O-O b5 6. Bb3 d6 7. Ng5 d5 8. exd5
Nd4 9. Re1 Bc5 10. Nf3 O-O 11. Nxd4 exd4 12. d3 Nxd5 13. Nd2 Bb4 14. Qf3 Be6
15. a3 Be7 16. Ne4 c5 17. Qg3 Bh4 18. Qe5 Rc8 19. Bg5 Bxg5 20. Nxg5 Rc6 21. a4
bxa4 22. Bxa4 Rb6 23. Bb3 h6 24. Ne4 Rc6 25. Ng3 Nf6 26. Bxe6 fxe6 27. b3 Nd5
28. Re4 Nb4 29. Re2 Qd5 30. Qh5 Qd7 31. Rae1 Kh8 32. Qg6 Qb7 33. Rxe6 Nxc2 34.
Rxc6 Nxe1 35. Qe4 Kg8 36. Rxc5 Qxe4 37. dxe4 Rb8 38. Kf1 Nd3 39. Rd5 Rxb3 40.
Rxd4 a5 41. Ra4 Nf4 42. Ra1 a4 43. Ne2 Ne6 44. Ke1 Nc5 45. f3 Rb2 46. Kf1 Rb3
47. Nd4 Rb2 48. Ra3 g5 49. Nf5 h5 50. h4 Rb3 51. Ra1 g4 52. fxg4 hxg4 53. Nh6+
Kg7 54. Nxg4 Nxe4 55. Ne5 Nc5 56. Ke2 Rb2+ 57. Kf3 Rb3+ 58. Kg4 Rb2 59. g3 Rb3
60. Rc1 Rb4+ 61. Kh3 Rb5 62. Nc6 Nd7 63. Nd4 Rb4 64. Nf3 Rb7 65. Rc3 Ra7 66.
Ra3 Nb6 67. Nd4 Nc4 68. Rc3 Ne5 69. Nc2 Ra5 70. Na3 Ra7 71. Re3 Kf6 72. Re4 Nd3
73. Rc4 Nb2 1/2-1/2